O'neil and his themes / (Record no. 42583)
[ view plain ]
| 000 -LEADER | |
|---|---|
| fixed length control field | 00729nam a22002177a 4500 |
| 005 - DATE AND TIME OF LATEST TRANSACTION | |
| control field | 20100819113936.0 |
| 010 ## - LCCN (DPL NO) | |
| LC control number | ENG-100946 |
| 020 ## - INTERNATIONAL STANDARD BOOK NUMBER | |
| Terms of availability | 50.00 |
| International Standard Book Number | 9788190741675 |
| 035 ## - SYSTEM CONTROL NUMBER | |
| System control number | EN-84479 |
| 037 ## - SOURCE OF ACQUISITION | |
| Source of stock number/acquisition | DBAD/PUB |
| 082 ## - DEWEY DECIMAL CLASSIFICATION NUMBER | |
| Classification number | 899.7208 |
| 100 ## - MAIN ENTRY--PERSONAL NAME | |
| Personal name | Ramya, S. |
| 245 ## - TITLE STATEMENT | |
| Title | O'neil and his themes / |
| Statement of responsibility, etc | by S. Ramya |
| 260 ## - PUBLICATION, DISTRIBUTION, ETC. (IMPRINT) | |
| Place of publication, distribution, etc | Thanjavur |
| Name of publisher, distributor, etc | Printmagic |
| Date of publication, distribution, etc | 2008 |
| 270 ## - ADDRESS | |
| Address | #2, First Floor, Guru Complex, Rajappa Nagar, Medical College Road |
| City | Thanjavur |
| Postal code | 613007 |
| 300 ## - PHYSICAL DESCRIPTION | |
| Extent | 64 p. |
| Other physical details | 22cm (Pbk) |
| 700 ## - ADDED ENTRY--PERSONAL NAME | |
| 9 (RLIN) | 15115 |
| 700 ## - ADDED ENTRY--PERSONAL NAME | |
| 9 (RLIN) | 15135 |
| 942 ## - ADDED ENTRY ELEMENTS (KOHA) | |
| Source of classification or shelving scheme | Dewey Decimal Classification |
| Item type | English Books |
| Classification part | 899.7208 |
| Call number suffix | RAM |
| Withdrawn status | Lost status | Not for loan | Collection code | Home library | Current library | Date acquired | Cost, normal purchase price | Full call number | Barcode | Copy number | Cost, replacement price | Koha item type |
|---|---|---|---|---|---|---|---|---|---|---|---|---|
| Not For Loan | Non-fiction | D.B.Act.Division | D.B.Act.Division | 19/08/2010 | 50.00 | 899.7208 BUR | EN-84479 | 1 | 50.00 | English Books |
